ბათუმის შოთა რუსთაველის სახელმწიფო უნივერსიტეტის ბიბლიოთეკა

სამოქალაქო სამართლებრივი ნორმების განმარტებები უზენაესი სასამართლოს პრაქტიკაში(2000-2013) (ბიბ.ჩანაწერი № 43062)

000 -LEADER
fixed length control field 00844nam a2200181Ia 4500
001 - CONTROL NUMBER
control field 9782
003 - CONTROL NUMBER IDENTIFIER
control field GE_BSU
008 - FIXED-LENGTH DATA ELEMENTS--GENERAL INFORMATION
fixed length control field 181216s||||||||xx |||||||||||||| ||und||
020 ## - INTERNATIONAL STANDARD BOOK NUMBER
International Standard Book Number 9789941935077
040 ## - CATALOGING SOURCE
Transcribing agency GE_BSU
080 ## - UNIVERSAL DECIMAL CLASSIFICATION NUMBER
Universal Decimal Classification number 347(094)
100 ## - MAIN ENTRY--PERSONAL NAME
Personal name ნაჭყებია,ალეკო
245 ## - TITLE STATEMENT
Title სამოქალაქო სამართლებრივი ნორმების განმარტებები უზენაესი სასამართლოს პრაქტიკაში(2000-2013)
260 ## - PUBLICATION, DISTRIBUTION, ETC.
Date of publication, distribution, etc. 2013
300 ## - PHYSICAL DESCRIPTION
Extent 578გვ.28სმ.
653 ## - INDEX TERM--UNCONTROLLED
Uncontrolled term სამოქალაქო სამართლებრივი ნორმების განმარტებები უზენაესი სასამართლოს პრაქტიკაში
942 ## - ADDED ENTRY ELEMENTS (KOHA)
Koha item type წიგნი
ეგზემპლარები
Withdrawn status Lost status Damaged status Not for loan Date acquired Barcode Date last seen Price effective from Koha item type
        2018-12-17 32453 2018-12-17 2018-12-17 წიგნი